Los fundamentos económicos de la teoría de la entidad en la información contable consolidada (Registro nro. 16856)
[ vista simple ]
| 000 -LEADER | |
|---|---|
| fixed length control field | 00652 a2200193 4500 |
| 001 - CONTROL NUMBER | |
| control field | ART_7330 |
| 005 - DATE AND TIME OF LATEST TRANSACTION | |
| control field | 20260410161720.0 |
| 008 - FIXED-LENGTH DATA ELEMENTS--GENERAL INFORMATION | |
| fixed length control field | 260409a |
| 100 1# - MAIN ENTRY--PERSONAL NAME | |
| Personal name | Gastaldi, Jorgelina |
| 245 10 - TITLE STATEMENT | |
| Title | Los fundamentos económicos de la teoría de la entidad en la información contable consolidada |
| 700 1# - ADDED ENTRY--PERSONAL NAME | |
| Personal name | Fernández, Fernanda M. |
| 700 1# - ADDED ENTRY--PERSONAL NAME | |
| Personal name | Magione, Julieta A. |
| 700 1# - ADDED ENTRY--PERSONAL NAME | |
| Personal name | Marcolini, Silvana Beatríz |
| 700 1# - ADDED ENTRY--PERSONAL NAME | |
| Personal name | Pérez Munizaga, Marta C. |
| 700 1# - ADDED ENTRY--PERSONAL NAME | |
| Personal name | Pozzi, Nélida B. |
| 700 1# - ADDED ENTRY--PERSONAL NAME | |
| Personal name | Ruíz, Juan José |
| 700 1# - ADDED ENTRY--PERSONAL NAME | |
| Personal name | Verón, Carmen S. |
| 773 0# - HOST ITEM ENTRY | |
| Title | Contabilidad y auditoría |
| Related parts | - Año 12, Nº 24 (dic. 2006) |
| Record control number | REV1723 |
No hay ítems disponibles.